Score 0/60 Timer 08:00
123 Plays Today
% Correct
Pretty Woman
97%
Breakfast at Tiffany's
91.7%
The Silence of the Lambs
89.6%
Black Swan
89.5%
Titanic
88.7%
Notting Hill
88.3%
Catwoman
88.2%
Mamma Mia!
87.6%
Million Dollar Baby
85.4%
Gentlemen Prefer Blondes
83.6%
Moulin Rouge!
83.1%
Panic Room
82.6%
Australia
82.5%
Some Like it Hot
82.4%
Eyes Wide Shut
82.4%
Mona Lisa Smile
81.2%
Kramer vs. Kramer
81.1%
Monster's Ball
80.3%
Monster
80.1%
Sophie's Choice
79.5%
My Fair Lady
78%
The Seven Year Itch
77.4%
Boys Don't Cry
75.4%
V for Vendetta
74.8%
Roman Holiday
73.4%
Out of Africa
72.3%
X-Men: The Last Stand
71.9%
How to Marry a Millionaire
70.9%
Taxi Driver
70.4%
Sleeping with the Enemy
69.9%
% Correct
Days of Thunder
68.8%
Die Another Day
68.4%
Eternal Sunshine of the Spotless Mind
68.1%
The Reader
64%
Revolutionary Road
63.5%
Swordfish
63%
Finding Neverland
62.6%
The Mexican
62.5%
The Deer Hunter
62%
Maverick
58.6%
Garden State
58.4%
Hancock
56%
Nine to Five
56%
Léon
53.5%
P.S I Love You
52.3%
No Strings Attached
51.6%
Prometheus
50.9%
They Shoot Horses, Don't They?
50.8%
Charade
50.7%
Klute
49%
Freedom Writers
48.1%
The Electric Horseman
45.6%
Coming Home
45.5%
The Misfits
43%
The Brave One
41.2%
Young Adult
37.7%
Amelia
37.6%
Dogville
31.5%
The Road
31.5%
Wait Until Dark
31.4%
Remove Ads.
Support Sporcle.
Get the best of Sporcle when you Go Orange. This ad-free experience offers more features, more stats, and more fun while also helping to support Sporcle. Thank you for becoming a member.

You're not logged in!

Compare scores with friends on all Sporcle quizzes.
OR
Log In

Show Comments

Extras

Top Quizzes Today


Score Distribution

Your Account Isn't Verified!

In order to create a playlist on Sporcle, you need to verify the email address you used during registration. Go to your Sporcle Settings to finish the process.

Report this User

Report this user for behavior that violates our Community Guidelines.

Details: